Ibn Battúta travels in Asia and Africa, 1325-1354 / (Record no. 549466)
[ view plain ]
| 000 -LEADER | |
|---|---|
| fixed length control field | 00525mam a22001574a 4500 |
| 082 ## - DEWEY DECIMAL CLASSIFICATION NUMBER | |
| Classification number | 915 |
| Author Mark | IBN |
| 100 0# - MAIN ENTRY--PERSONAL NAME | |
| Personal name | Ibn Batuta, |
| 9 (RLIN) | 46123 |
| 245 10 - TITLE STATEMENT | |
| Title | Ibn Battúta travels in Asia and Africa, 1325-1354 / |
| Statement of responsibility, etc. | translated and selected by H. A. R. Gibb, with an introduction and notes. |
| 260 ## - PUBLICATION, DISTRIBUTION, ETC. | |
| Place of publication, distribution, etc. | London : |
| Name of publisher, distributor, etc. | Routledge, |
| Date of publication, distribution, etc. | 1929 |
| 300 ## - PHYSICAL DESCRIPTION | |
| Extent | 398 p. : |
| Other physical details | ill., map ; |
| Dimensions | 23cm. |
| 490 1# - SERIES STATEMENT | |
| Series statement | The Broadway travellers |
| 526 ## - STUDY PROGRAM INFORMATION NOTE | |
| Program name | 0 |
| Interest level | 0 |
| Reading level | 0 |
| Title point value | 915_000000000000000_IBN |
| 650 ## - SUBJECT ADDED ENTRY--TOPICAL TERM | |
| Topical term or geographic name entry element | MCE |
| 9 (RLIN) | 379 |
| 700 1# - ADDED ENTRY--PERSONAL NAME | |
| Personal name | Gibb, H. A. R. |
| 9 (RLIN) | 37408 |
| 942 ## - ADDED ENTRY ELEMENTS (KOHA) | |
| Source of classification or shelving scheme | |
| Koha item type | Book |
| Withdrawn status | Lost status | Source of classification or shelving scheme | Damaged status | Not for loan | Permanent Location | Current Location | Date acquired | Total Checkouts | Full call number | Barcode | Date last seen | Price effective from | Koha item type |
|---|---|---|---|---|---|---|---|---|---|---|---|---|---|
| Military College of Engineering (MCE) | Military College of Engineering (MCE) | 09/25/2014 | 915 IBN | MCE-40558 | 09/25/2014 | 09/25/2014 | Book |
